000 01141cam a2200337 4500
001 2132
003 FISKH
005 20231110095848.0
008 700730s1970 nyua j 000 1 eng
010 _a 72112484
020 _a9780590406192
040 _aDLC
_beng
_cDLC
_dDLC
042 _alcac
050 0 0 _aPZ7.W58277
_bTr
082 0 0 _a813.52
100 1 _aWhite, E. B.
_q(Elwyn Brooks),
_d1899-1985.
245 1 4 _aThe trumpet of the swan
_cE. B. White ; Pictures by Edward Frascino.
250 _aFirst edition first printing, October 2005
260 _aNew York :
_bScholastic,
_c1970
300 _a210 pages :
_billustrations ;
_c20 cm
350 _a4.50
505 _aR
520 _aKnowing how to read and write is not enough for Louis, a voiceless Trumpeter Swan; his determination to learn to play a stolen trumpet takes him far from his wilderness home.
521 8 _a750
_bLexile
521 8 _aR
_bRaz-Plus
650 1 _aTrumpeter swans
_vFiction.
650 1 _aSwans
_xFiction.
700 1 _aFrascino, Edward,
_eillustrator
906 _a7
_bcbc
_corignew
_d1
_encip
_f19
_gy-gencatlg
942 _2ddc
_cBK
_n0
999 _c2132
_d2132